Normal view
MARC view
- LASER - INDUSTRIAL APPLICATIONS.LASER PROCESSING OF ENGINEERING MATERIALS
Entry Topical Term
001 - CONTROL NUMBER
- control field: 61021
003 - CONTROL NUMBER IDENTIFIER
- control field: NUST
005 - DATE AND TIME OF LATEST TRANSACTION
- control field: 20210628202655.0
008 - FIXED-LENGTH DATA ELEMENTS
- fixed length control field: 210628|| aca||aabn | a|a d
040 ## - CATALOGING SOURCE
- Original cataloging agency: NUST
- Transcribing agency: NUST
150 ## - HEADING--TOPICAL TERM
- Topical term or geographic name entry element: LASER - INDUSTRIAL APPLICATIONS.LASER PROCESSING OF ENGINEERING MATERIALS
670 ## - SOURCE DATA FOUND
- Source citation: Work cat.: (NUST): Ion, John C 61020, Laser processing of engineering materials principles procedure and industrial application, 2005
